Scottish Forestry Grants Scheme (Record no. 71978)

MARC details
000 -LEADER
fixed length control field 01197cam a2200217 4500
001 - CONTROL NUMBER
control field WB3904-27
008 - FIXED-LENGTH DATA ELEMENTS--GENERAL INFORMATION
fixed length control field 030128n2003 000 0 eng u
035 ## - SYSTEM CONTROL NUMBER
System control number (Sirsi) u121134
245 ## - TITLE STATEMENT
Title Scottish Forestry Grants Scheme
260 ## - PUBLICATION, DISTRIBUTION, ETC.
Date of publication, distribution, etc. 2003
490 ## - SERIES STATEMENT
Series statement Scottish Executive News Release
Volume/sequential designation 24 January 2003, (3)
520 ## - SUMMARY, ETC.
Summary, etc. A booklet has been published by the Forestry Commission explaining how to apply for the new "Scottish forestry grants scheme" (SFGS) which offers grants to help with the costs of establishing, replacing and looking after woodlands. Applications will be accepted from 16 June 2003. The booklet can be found at http://www.forestry.gov.uk/website/pdf.nsf/pdf/sfgsbooklet.pdf/$FILE/sfgsbooklet.pdf Paper copies are available from Athol McDonald, National Office for Scotland, Forestry Commission, 231 Corstophine Road, Edinburgh, EH12 7AT - t +44(0)131 314 6154;[email protected] http://www.scotland.gov.uk/pages/news/2003/01/SENW104.aspx
590 ## - LOCAL NOTE (RLIN)
Local note WB
650 ## - SUBJECT ADDED ENTRY--TOPICAL TERM
Topical term or geographic name entry element FORESTRY
650 ## - SUBJECT ADDED ENTRY--TOPICAL TERM
Topical term or geographic name entry element WOODLAND GRANTS
650 ## - SUBJECT ADDED ENTRY--TOPICAL TERM
Topical term or geographic name entry element FORESTRY GRANTS
650 ## - SUBJECT ADDED ENTRY--TOPICAL TERM
Topical term or geographic name entry element SCOTLAND
650 ## - SUBJECT ADDED ENTRY--TOPICAL TERM
Topical term or geographic name entry element STEWARDSHIP
690 ## - LOCAL SUBJECT ADDED ENTRY--TOPICAL TERM (OCLC, RLIN)
Topical term or geographic name as entry element RURAL-AGRICULTURE AND FORESTRY
942 ## - ADDED ENTRY ELEMENTS (KOHA)
Suppress in OPAC 0
Holdings
Withdrawn status Lost status Source of classification or shelving scheme Damaged status Not for loan Home library Current library Shelving location Date acquired Total Checkouts Full call number Barcode Date last seen Copy number Price effective from Koha item type
    Dewey Decimal Classification     London London News article 28/01/2003   WB3904-27 121134-1001 06/08/2019 1 06/08/2019 News article